Terapia ako nepodarok

Bibliographic Details
Main Author: Žucha, Ivan, 1935-2009 (Author)
Format: Article
Language:Slovak
ISSN:1336-5584
Subjects:

MARC

LEADER 00000nab a2200000 ar4500
001 vtls008844421
003 SK-MaSNL
005 20260304210405.0
008 060905c2006 xo mr|p|||||||000 b|slo
015 |a SNBRB2006/09  |2 snkbucl 
038 |a SNKBUCL 
040 |a SNKBUCL  |b slo  |c SNKBUCL  |e AACR2 
041 0 |a slo 
044 |a xo  |c SK 
080 |a 615.851  |x (048)  |2 1997 
100 1 |a Žucha, Ivan,  |d 1935-2009  |4 aut  |9 249788 
245 1 0 |a Terapia ako nepodarok  |c Ivan Žucha 
650 0 7 |a psychoterapia  |2 SNKPH  |9 2575 
655 7 |a recenzie  |2 SNKPH  |9 21907 
655 7 |a rozhovory  |2 SNKPH  |9 31831 
773 0 |t Knihy a spoločnosť  |g Tretí ročník, č. 3 (2006), s. 6  |x 1336-5584 
787 0 8 |i Rec.:  |a Kottler, Jeffrey A., 1951-  |t Nezdařená terapie  |d Praha : Portál, 2006  |z 8073670887 
787 0 8 |i Rec.:  |a Carlson, Jon, 1945-  |t Nezdařená terapie  |d Praha : Portál, 2006  |z 8073670887 
852 |a SNK  |b KIS3GCP 
958 |a RC 
999 |c 3125889  |d 3127819